000 00529nam a2200121Ia 4500
008 170221s9999 xx 000 0 und d
100 _aJ. Mark Phillips
245 _aFrom Old Spice to the Texas Law Hawk: How Inbound Marketing, Content Leadership and Social Media Can Level the Playing Field for Solo Practitioners
245 _cJ. Mark Phillips, Kyle A. Huggins, and Lora Mitchell Harding
260 _c2013
650 _xBusiness
856 _uhttp://digitalcommons.pepperdine.edu/cgi/viewcontent.cgi?article=1149&context=jbel
999 _c309543
_d309543